00370nam a22000977a 4500008004100000082001800041100008500059245002500144260008800169300001500257230605b xxu||||| |||| 00| 0 eng d a330.6762bKEN cCentral Bureau of Statistics Ministry of Planning and National Developmentd2006 aEconomic Survey 2006 aNairobibCentral Bureau of Statistics Ministry of Planning and National Development axiii;218 p